| 000 | 00915nam a22002057a 4500 | ||
|---|---|---|---|
| 005 | 20171207152242.0 | ||
| 010 | _aBAC-05-12-17 | ||
| 020 |
_a9788188790173 _c595.00 |
||
| 035 | _aB-381098-110 | ||
| 037 | _bके.के. पब्लिकेशन्स | ||
| 037 | _bPUB/कल्पना प्रकाशन | ||
| 082 | _a920 | ||
| 100 | _aमनोज कुमार | ||
| 245 |
_aविनोबा भावे / _cमनोज कुमार एवं रवि रंजन |
||
| 260 |
_aदिल्ली _bकल्पना प्रकाशन _c2011 |
||
| 270 |
_aबी-1770, जहाँगीर पुरी(नजदीक स्टेट बैंक ऑफ इंडिया) _bदिल्ली _e110033 |
||
| 300 |
_a226पृ. _c22सेमी (सजिल्द) |
||
| 700 |
_aरंजन, रवि _922308 |
||
| 942 |
_2ddc _cHN _mभावेवि _h920 |
||
| 999 |
_c147892 _d147892 |
||